000 00686nam a2200265Ia 4500
005 20260306163613.0
008 008 260114s9999 xx 000 0 eng d
020 _a9781474476829
037 _aEBOOK
040 _aCRL
040 _beng
040 _cCRL
041 _2eng
041 _aeng
084 _qCRL
100 _aGutman
_9923383
245 4 _aThe Politics Of Armenian Migration To North America, 1885-1915: Sojourners, Smugglers And Dubious Citizens
260 _bEdinburgh University Press
260 _c2020
650 _aSocial Work
856 _uhttps://academic.oup.com/book/33831
942 _cEBOOK
999 _c1710760
_d1710760